000 00357nam a2200121Ia 4500
008 220620s9999||||xx |||||||||||||| ||und||
245 0 _aComposites and Their Applications
546 _aEnglish[eng]
650 _aPolymer chemistry
700 _aHu, Ning
856 _uhttps://mts.intechopen.com/storage/books/3052/authors_book/authors_book.pdf
942 _cEB
999 _c26378
_d26378